|
|
|
|
| LEADER |
00000nam#a22000001ab4500 |
| 001 |
00009881 |
| 003 |
AR-BaUAD |
| 005 |
20230908141713.0 |
| 008 |
960401s196u####ag#||||##||||||||#||spa|d |
| 040 |
|
|
|a AR-BaUAD
|b spa
|c AR-BaUAD
|
| 041 |
|
|
|a spa
|
| 044 |
|
|
|c ar
|2 ISO3166-1
|
| 100 |
1 |
|
|a Ferrari, Blanca
|
| 245 |
1 |
0 |
|a Como preparar una monografía
|
| 260 |
|
|
|a Buenos Aires :
|b Universidad. Facultad de Filosofía y Letras. Departamento de Sociología,
|c [196-]
|
| 300 |
|
|
|a 1h., 10 h.
|
| 490 |
|
|
|a Trabajos e investigaciones del Instituto de Sociología ;
|v 52
|
| 504 |
|
|
|a Bibliografía al comenzar el volumen.
|
| 700 |
1 |
|
|a Ruiz, Julio E.
|
| 653 |
|
|
|a MONOGRAFIAS
|
| 653 |
|
|
|a LITERATURA
|
| 655 |
|
|
|a TEXTO
|
| 852 |
|
|
|c 209-2
|
| 952 |
|
|
|0 0
|1 0
|4 0
|6 2092
|7 0
|9 31613
|a AR-BaUAD
|b AR-BaUAD
|d 0000-00-00
|e donac. Inst. Bibl.
|g 60.00
|i 9881
|l 0
|o 209-2
|p 94t2i9881
|r 2023-09-08 14:17:13
|w 2023-09-08
|y BK
|
| 990 |
|
|
|a Ej. No1 : 9881 . 6/6/1966 -- donac. Inst. Bibl. -- (60 pesos).
|b ADM
|
| 990 |
|
|
|a L196
|b TD
|
| 990 |
|
|
|a AAQ00009881
|b CC
|
| 998 |
|
|
|a AAQ
|b Bibun 76
|
| 942 |
|
|
|c BK
|
| 999 |
|
|
|c 14908
|d 14908
|